| Tag |
First Indicator |
Second Indicator |
Subfields |
| LEADER |
00000cam a2200000 4500 |
| 001 |
in00000054045 |
| 005 |
20151008051419.0 |
| 008 |
791011s1947 iaua 00010 engm |
| 010 |
|
|
|a 47018393
|
| 035 |
|
|
|a (OCoLC)05517871
|
| 035 |
|
|
|9 AAG7731AM
|
| 040 |
|
|
|a DLC
|c COA
|d COA
|d TXA
|d UtOrBLW
|
| 049 |
|
|
|a TXAM
|c [139039]
|
| 050 |
0 |
0 |
|a HD9037.I8
|b H6
|
| 082 |
0 |
|
|a 334.65
|
| 092 |
|
|
|a 334.65
|b H747r
|
| 100 |
1 |
|
|a Holman, Reuben Agustus,
|d 1867-
|
| 245 |
1 |
4 |
|a The romance of the Farmers grain dealers association of Iowa /
|c by Reuben A. Holman ...
|
| 250 |
|
|
|a Iowa centennial ed.
|
| 264 |
|
1 |
|a [Rockwell? Iowa],
|b [publisher not identified] ;
|c 1947.
|
| 300 |
|
|
|a 1 page ., 156 pages :
|b illustrations (including portraits, facsimiles) plate ;
|c 23 cm.
|
| 336 |
|
|
|a text
|b txt
|2 rdacontent
|
| 337 |
|
|
|a unmediated
|b n
|2 rdamedia
|
| 338 |
|
|
|a volume
|b nc
|2 rdacarrier
|
| 500 |
|
|
|a Published 1946.
|
| 500 |
|
|
|a Corrected version of poem "The future home" on leaf inserted.
|
| 610 |
2 |
0 |
|a Co-operative Farmers' Society of Rockwell, Iowa.
|
| 610 |
2 |
0 |
|a Farmers Grain Dealers Association of Iowa.
|
| 650 |
|
0 |
|a Grain trade
|z Iowa.
|
| 999 |
|
|
|a MARS
|
| 999 |
f |
f |
|s 86932a45-168f-3cb0-a0bb-9fdf6a320e1c
|i d28439ce-3bc8-3c86-b477-3de255980741
|t 0
|
| 952 |
f |
f |
|p ric
|a Texas A&M University
|b Rellis Campus
|c Joint Library Facility
|d Remote Storage
|t 0
|e HD9037.I8 H6
|h Library of Congress classification
|i unmediated -- volume
|m A14800742837
|
| 998 |
f |
f |
|a HD9037.I8 H6
|t 0
|l Remote Storage
|